Pokemon der Top 4 - Statistiken

Allgemein
  • Dieses Quiz wurde 797 mal gespielt
    508 seit der letzten Aktualisierung
  • Das Durchschnittsergebnis liegt bei 112 aus 225
Antwortstatistiken
Hint Antwort % Korrekt
Dragoran
93%
Agathe Gengar
91%
Lapras
90%
Kicklee
89%
Machomei
88%
Nockchan
87%
LGE/LGP Glurak
85%
Lorelei Jugong
85%
Siegfried Garados
84%
Dragonir
81%
Bruno Onix
80%
Rossana
79%
Aerodactyl
77%
Alpollo
77%
Austos
76%
Brutalanda
76%
Simsala
74%
FR/BG Stahlos
73%
Hundemon
72%
Sleimok
70%
G/S/K Kapoera
69%
Melanie Nachtara
69%
Lahmus
68%
LGE/LGP Smogmog
68%
Panferno
66%
FR/BG | SM Seedraking
66%
Frosina Firnontor
65%
Geowaz
65%
Arbok
64%
Libelldra
64%
Banette
63%
Ignaz Gallopa
62%
Altaria
61%
OR/AS Frosdedje
61%
Scherox
61%
Teresa Hippoterus
60%
FR/BG Iksbat
60%
Omot
60%
PT Psiana
60%
Absol
59%
Skaraborn
59%
Walraisa
59%
Magbrant
58%
Antonia Zwirrklop
58%
Willi Xatu
57%
OR/AS Zwirrfinst
57%
Dragan Draschel
55%
PT Flamara
55%
Golbat
55%
Ulrich Magnayen
55%
Lucian Pantimos
55%
LGE/LGP Quappo
55%
HG/SS Bronzong
54%
Piondragi
54%
Rihornior
54%
Zobiris
54%
Kramurx
53%
Durengard
52%
Giflor
52%
Honweisel
52%
Tengulist
52%
Koga Ariados
51%
Drifzepeli
51%
Kokowei
51%
Schlapor
51%
Tohaido
51%
Skelabra
50%
Eugen Jiutesto
49%
FR/BG Keifel
49%
Kramshef
49%
Noktuska
49%
Rasaff
49%
Seejong
49%
Karadonis
48%
Papinella
48%
Herbaro Pudox
48%
Welsar
48%
LP/SD Galagladi
47%
Hariyama
47%
Meistagrif
47%
Metagross
47%
HG/SS Snibunna
47%
Guardevoir
46%
Pachira Pyroleo
46%
Traunfugil
46%
Traunmagil
46%
Forstellka
45%
Meditalis
45%
Narcisse Wummer
45%
Kattlea Zytomega
45%
Lucario
44%
Morbitesse
44%
Arkani
43%
Marlon | Thymelot Clavion
43%
Anissa Echnatoll
43%
Maxax
43%
Starmie
43%
Astor | OR/AS Irokex
42%
Dracena | OR/AS Tandrak
42%
LP/SD Vulnona
42%
Wolwerock
42%
Mamutel
41%
Fiaro
40%
Morlord
40%
Seemon
40%
Somnivora
40%
Tukanon
40%
UHaFnir
40%
PT Yanmega
40%
Caesurio
39%
Golgantes
39%
Kleoparda
39%
Knogga
39%
Kahili Panzaeron
39%
Shardrago
39%
Symvolara
39%
Apoquallyp
38%
Digdri
38%
Krawell
38%
Rexblisar
38%
LGE/LGP Sandamer
38%
PT Skorgro
38%
Voluminas
38%
Kryppuk
37%
Rabigator
37%
Wie-Shu
37%
Magnezone
36%
Qurtel
36%
Despotar
35%
SM Krebutack
35%
Staraptor
35%
Mogelbaum
33%
Thanathora
33%
Choreogel
32%
Girafarig
32%
Espinodon
30%
US/UM Armaldo
29%
Zoroark
29%
LP/SD Nidoking
28%
HG/SS Skuntank
28%
Wielie
28%
Camerupt
27%
Colossand
27%
Grypheldis
27%
Toxiquak
27%
Brockoloss
26%
Flaminkno
26%
Siberio
26%
Moruda
25%
US/UM Washakwil
25%
Suelord
24%
Aoki Tropius
24%
Gelatwino
23%
Granforgita
23%
Resladero
23%
Groink
22%
Kapilz
22%
Schlukwech
21%
Donphan
20%
Poppy Patinaraja
20%
Kosturso
19%
Mayla Relicanth
19%
Drapfel
16%
Rocara
16%
Krarmor
15%
Keine übereinstimmenden Quizze gefunden
Verteilung der Resultate
Anzahl Personen mit jedem Resultat
Perzentil nach korrekt beantworteten Fragen
Ihre Resultats-Entwicklung
Sie haben dieses Quiz seit der letzten Aktualisierung nicht gespielt